000 00401nam a2200169Ia 4500
008 221030s9999 xx 000 0 und d
020 _a8126510887
041 _aEnglish
100 _aR. Resnick
245 0 _aPhysics Vol. I
_cby R. Resnick, D. Halliday
250 _a5th
260 _bWiley India
_aNew Delhi
_c2010
300 _a566
650 _aPhysics
700 _aD. Halliday
942 _cBK
999 _c14789
_d14789